000 01214nam a22003617a 4500
003 CHAP
005 20220329133852.0
008 971013s1975 r 00010 d
010 _a12025
011 _a12997
035 _a17068
040 _cCHAP
090 _aFolleto 2747
100 0 0 _aGazol Santafé, Antonio.
_947367
245 _aLatinoamérica en el cambio
260 _aMéxico, D.F. :
_bFondo de Cultura Económica,
_c1975
300 _a88 p.
490 _aFondo de Cultura Económica. Archivo del Fondo
_v; 27
590 _aBATCH-UPD
_b10
_c20130110
_lUCH01
_h0012
590 _aBATCH-UPD
_b10
_c20130110
_lUCH01
_h1931
590 _aBATCH-UPD
_b10
_c20130409
_lUCH01
_h1949
590 _aBATCH-UPD
_b10
_c20130410
_lUCH01
_h1256
590 _aBATCH-UPD
_b10
_c20130914
_lUCH01
_h0822
590 _aCONVERSION
_b10
_c20130109
_lUCH01
_h1308
650 1 4 _aAmerica Latina
_xCondiciones economicas.
_95390
650 1 4 _aAmerica Latina
_xCondiciones sociales.
_95395
650 1 4 _aCambio social.
_917787
650 1 4 _aCapitalismo.
_918711
830 0 _aFondo de Cultura Económica. Archivo del Fondo
_v; 27
_942097
901 _aBK
942 _cFOLL
949 _aFolleto 2747
_bBC
_cFOLL
_d-40581
_eTS1
_i17068
_si
999 _c12025
_d12025